• 首页
  • 本馆介绍
  • 公告通知
  • 最新文献
  • 馆藏检索
  • 电子资源
  • 读者导购
  • 参考咨询
  • 我的图书馆
  • 登录
  • 详细信息显示
  • 放入我的书架
  • 预约/预借图书
  • 作者相关作品
  • 分类相关作品
  • 丛书相关作品
  • 出版社相关作品

书目信息

  • 表格格式
  • 工作单格式
  • 卡片格式
题名:
英汉化学小辞典
    
 
作者: 汉培尔 , 霍利 编 ;刘秉兰 译
分册:  
出版信息: 北京   化学工业出版社  1984
页数: 411页
开本: 19cm
丛书名:
单 册:
中图分类: O6-61
科图分类:
主题词: 化学--词典--英、中
电子资源:
ISBN:
000 00766nam0 2200253 45
001 0184002152
005 20070822154229.21
010    @dCNY1.50
091    @a15063.3538
100    @a19950607d1984 k y0chiy0121 ea
101 1  @achi@ceng
102    @aCN@b110000
105    @ay e 000yy
200 10 @a英汉化学小辞典@Aying han hua xue xiao ci dian@f(美)C·A·汉培尔,G·G·霍利编@F(mei)C·A·han pei er,G·G·huo li bian@g刘秉兰译
210    @a北京@c化学工业出版社@d1984
215    @a411页@d19cm
606    @a化学@x词典@x英、中
690    @aO6-61@v3
701  0 @a汉培尔@Ahan pei er@4编
701  0 @a霍利@Ahuo li@4编
702  0 @a刘秉兰@Aliu bing lan@4译
801  0 @aCN@b上海图书馆@c20070822
801  2 @aCN@bNLC@c20060314
905    @dO6-61@e139@f1@b131135
    
    英汉化学小辞典/(美)C·A·汉培尔,G·G·霍利编/刘秉兰译.-北京:化学工业出版社,1984
    411页;19cm
    
    
    ISBN :CNY1.50
    
●
相关链接 在E读中查询图书 在五车中查询图书 在当当中查询图书 在豆瓣中查询图书


正题名:英汉化学小辞典     索取号:O6-61/139         预约/预借

序号 登录号 条形码 馆藏地/架位号 状态 备注
1 0011597   202102232   第二样本阅览室/ [索取号:O6-61/139] 在馆    
2 0117595   000339093   第三借阅区/ [索取号:O6-61/139] 在馆    
3 0117596   000339084   第三借阅区/ [索取号:O6-61/139] 在馆    
4 0131133   202205274   密集书库/ [索取号:O6-61/139] 在馆    
5 0131134   000635147   密集书库/ [索取号:O6-61/139] 在馆    
6 0131135   000556188   第三借阅区/ [索取号:O6-61/139] 在馆    
7 0131136   000556179   第三借阅区/ [索取号:O6-61/139] 在馆    
8 0131137   000339075   第三借阅区/ [索取号:O6-61/139] 在馆    
唐山师范学院图书馆 欢迎您!
大连网信软件有限公司© 版权所有